Los laicos en la iglesia

Salvato in:
Dettagli Bibliografici
Autore principale: Contreras, Sergio (Autore)
Natura: Libro
Lingua:spagnolo
Pubblicazione: Santiago Paulinas 1966
Serie:Biblioteca del Cristiano
Soggetti:
Tags: Aggiungi Tag
Nessun Tag, puoi essere il primo ad aggiungerne!!

MARC

LEADER 00000nam a2200000 a 4500
001 UCS5236
003 CL-VaPUC
008 970830e19660000CL |||||||||||||||||spa|d
082 0 4 |a 262.15  |b CON  |2 21 
100 0 |a Contreras, Sergio  |e author  |9 391082 
245 1 4 |a Los laicos en la iglesia 
300 |a 101 p 
942 |c BK 
945 |d 19970830 00:00:00  |a jquezada 
260 |a Santiago  |b Paulinas  |c 1966 
650 0 |a Laicos  |9 255625 
650 0 |a Iglesia Católica  |9 256114 
650 0 |a Familia cristiana  |9 311439 
650 0 |a Vida cristiana  |9 258753 
583 |a last modification  |c 19970830 00:00:00  |k Rodrigo Vera 
490 0 |a Biblioteca del Cristiano 
999 |c 261848  |d 261846 
952 |0 0  |1 0  |4 0  |6 262_150000000000000_CON_1966  |7 0  |8 A  |9 289703  |a BIBDER  |b BIBDER  |d 2019-11-19  |i 3331393  |o 262.15 CON 1966  |p 3331393  |r 2023-01-25  |w 2019-11-19  |y BK  |k DER 
952 |0 0  |1 0  |4 0  |6 262_150000000000000_CON_1966  |7 0  |8 A  |9 289704  |a BIBDER  |b BIBDER  |d 2019-11-19  |i 3331407  |o 262.15 CON 1966  |p 3331407  |r 2023-01-25  |w 2019-11-19  |y BK  |k DER